Italian indicative of essere - Statistics

General Stats
  • This quiz has been taken 7 times
  • The average score is 12 of 24
Answer Stats
Hint Answer % Correct
Io sono
100%
Tu sei
83%
Noi siamo
83%
Loro sono
83%
Lui/lei è
67%
Voi siete
67%
Lui/lei sarà
50%
Tu sarai
50%
Loro saranno
50%
Noi saremo
50%
Voi sarete
50%
Io sarò
50%
Lui/lei era
33%
Loro erano
33%
Noi eravamo
33%
Voi eravate
33%
Tu eri
33%
Io ero
33%
Voi foste
33%
Tu fosti
33%
Lui/lei fu
33%
Io fui
33%
Noi fummo
33%
Loro furono
17%
No matching quizzes found
Score Distribution
Percent of People with Each Score
Percentile by Number Answered
Your Score History
You have not taken this quiz